000 00610nam a22002177a 4500
003 UA-OsUOA
001 63583
007 ta
008 20091009b un ||||| |||| 00| 0 ukr d
100 _aШевчук Т.
090 _a82
_bШ37
942 _cSA
040 _aUA-OsUOA
_bukr
_cUA-OsUOA
_dUA-OsUOA
245 _aГ. Гесс де Кальве і Г. Сковорода: історія літературознавчоно міфу
300 _aС.83-90
955 _a0
041 _aukr
080 _a82
773 0 _w63581
650 7 _a82 Література. Літературознавство
_2UDC
999 _c349924
_d349924